00714nam a2200193 a 4500003000200000005001700002008004100019050003000060100001900090245009300109260009000202300002800292504004100320650002600361650002100387650003600408650003200444650004400476020250203105401.0130724s19uu xx 00 eng d aPHS LB 1050.9b.P235 2013 aPark, JunYoung aAcademic achievements of grade 10 and grade 11 Korean students of SISC /cJunYoung Park. aLas Piñas City, Philippines :bSouthville International School and Colleges,c2013. a27 p. :bill. ;c28 cm. aIncludes bibliographical references. aAcademic achievement. aStudentszKorea. aStudentsvAcademic achievement. aKorean studentsvEducation. aAcademic performancevForeign students.